| 000 | 00719nam a2200229 a 4500 | ||
|---|---|---|---|
| 999 |
_c11807 _d11807 |
||
| 001 | 11807 | ||
| 003 | BD-JhCC | ||
| 005 | 20220330134021.0 | ||
| 008 | 201104b20162020bg a|||| ||a| 000 0 ben d | ||
| 020 | _a9789849184416 | ||
| 035 | _a(BD-JhCC)11807 | ||
| 040 |
_aBD-JhCC _dBD-JhCC |
||
| 041 | _aben | ||
| 082 |
_a891.44 _bIQB 2020 |
||
| 100 | _aইকবাল,মুহম্মদ জাফর | ||
| 245 |
_aতিতুনি এবং তিতুনি / _cমুহম্মদ জাফর ইকবাল। |
||
| 260 |
_aঢাকা: _bকাকলী প্রকাশনী; _c২০২০. |
||
| 300 |
_a167 p. : _bill; _c20 cm. |
||
| 650 | _aScience fiction | ||
| 942 |
_2ddc _cBK _02 |
||